00745nam a2200193 i 4500001000700000003000900007005001700016007000300033008004100036020001800077100002800095245012300123260006300246300003000309710003800339852003300377999001900410952012200429149690ES-MaACL20230906203218.0t|071024s1988 sp ||||1| spa d a84-86884-57-81 aVaro, Remedios.911323910aRemedios Varo b: sala de exposiciones, Banco Exterior de España, noviembre de 1988-enero de 1989 / cRemedios Varo. aMadrid : bFundación Banco Exterior de España, c1988. a167 p. : bil. ; c32 cm.2 aFundación Banco Exterior.94226 aES-MaACLjL-12874 bR.116036 c149690d149690 00104070aATENEOMbATENEOMcDEPO2d2008-01-17eSCl0oL-12874p1156206r2023-02-23 00:00:00w2023-02-23yMONOGRAFIA